书目信息 |
| 题名: |
英语词汇学教程(教学参考用书)
|
|
| 作者: | 汪蓉培 , 卢晓娟 编著 | |
| 分册: | ||
| 出版信息: | 上海 上海外语教育出版社 1998.11 |
|
| 页数: | 197页 | |
| 开本: | 32开 | |
| 丛书名: | ||
| 单 册: | ||
| 中图分类: | H313 | |
| 科图分类: | ||
| 主题词: | 英语 | |
| 电子资源: | ||
| ISBN: | 7-81046-482-5 | |
| 000 | 00601nam0 2200193 45 | |
| 001 | 0010040933 | |
| 005 | 20081027142738.98 | |
| 010 | @a7-81046-482-5@d9.00元 | |
| 100 | @a20001004d1998 km y0chiy0120 ea | |
| 101 | 0 | @achi |
| 200 | 1 | @a英语词汇学教程(教学参考用书)@AYing Yu Ci Hui Xue Jiao Cheng(Jiao Xue Can Kao Yong Shu)@f汪蓉培,卢晓娟编著@FWang Rong Pei,Lu Xiao Juan Bian Zhu |
| 210 | @a上海@c上海外语教育出版社@d1998.11 | |
| 215 | @a197页@d32开 | |
| 606 | 0 | @a英语 |
| 690 | @aH313@v3 | |
| 701 | 0 | @a汪蓉培@4编著 |
| 701 | 0 | @a卢晓娟@4编著 |
| 801 | @aCN@c20081027 | |
| 905 | @b164822-826@dH313@eW667@f5 | |
| 英语词汇学教程(教学参考用书)/汪蓉培,卢晓娟编著.-上海:上海外语教育出版社,1998.11 |
| 197页;32开 |
| ISBN 7-81046-482-5:9.00元 |
| ● |
| 相关链接 |
|
|
|
正题名:英语词汇学教程(教学参考用书)
索取号:H313/W667
 
预约/预借
| 序号 | 登录号 | 条形码 | 馆藏地/架位号 | 状态 | 备注 |
| 1 | 164822 | 201648226 | 语言库209/209语言库 104排3列2层/ [索取号:H313/W667] | 在馆 | |
| 2 | 164823 | 201648235 | 语言库209/209语言库 104排3列2层/ [索取号:H313/W667] | 在馆 | |
| 3 | 164824 | 201648244 | 语言库209/209语言库 104排3列2层/ [索取号:H313/W667] | 在馆 | |
| 4 | 164825 | 201648253 | 语言库209/209语言库 104排3列2层/ [索取号:H313/W667] | 在馆 | |
| 5 | 164826 | 201648262 | 语言库209/209语言库 104排3列2层/ [索取号:H313/W667] | 在馆 | |
| 6 | 459767 | 204597677 | 语言库209/209语言库 104排3列2层/ [索取号:H313/W667] | 在馆 | |
| 7 | 459768 | 204597686 | 语言库209/209语言库 104排3列2层/ [索取号:H313/W667] | 在馆 |